banner-ar

الكتابات الأثرية الإسلامية على التحف السلجوقية والمغولية / (Record no. 67583)

MARC details
000 -الفاتح
حقل البيانات ثابتة الطول 00966nam a2200241Ia 4500
005 - وقت وتاريخ اخر تعامل مع التسجيلة
رقم الضبط 20250622124032.0
008 - عناصر البيانات ثابتة الطول - معلومات عامة
حقل البيانات ثابتة الطول 250617s9999||||xx |||||||||||||| ||ara||
017 ## - رقم الايداع القانونى
رقم الايداع القانونى 2024/31826
المصدر ( الهيئة المختصة) مصر. دار الكتب
020 ## - الرقم الدولى المعيارى للكتب
الرقم الدولى المعيارى للكتاب 9789778685794
082 04 - رقم تصنيف ديوى العشرى
رقم التصنيف "745,6191"
رقم المادة ع ك
100 0# - المدخل الرئيسى - إسم شخصى
الإسم الشخصى علاء الدين بدوى محمود محمد الخضرى
245 10 - بيان العنوان
العنوان الكتابات الأثرية الإسلامية على التحف السلجوقية والمغولية /
بيان المسئوليه,etc إعداد علاء الدين بدوى محمود محمد الخضرى
250 ## - بيان الطبعة
بيان الطبعة ط1
260 3# - PUBLICATION, DISTRIBUTION, ETC. (IMPRINT)
تاريخ النشر أو التوزيع 2025.
300 ## - الوصف المادى
التعداد 610ص :
تفاصيل ماديه اخرى للوعاء لوحات ؛
أبعاد الوعاء 30سم.
650 ## - المدخل الاضافى بالموضوع-مصطلح موضوعى
مصطلح موضوعي الخط الديوانى
650 ## - المدخل الاضافى بالموضوع-مصطلح موضوعى
مصطلح موضوعي الخط العربى
650 ## - المدخل الاضافى بالموضوع-مصطلح موضوعى
مصطلح موضوعي الخط الكوفى
650 ## - المدخل الاضافى بالموضوع-مصطلح موضوعى
مصطلح موضوعي الكتابات العربية
650 ## - المدخل الاضافى بالموضوع-مصطلح موضوعى
مصطلح موضوعي النقوش العربية
942 ## - عناصر المدخل الإضافي( كوها)
Koha [default] item type كتاب
260 3# - PUBLICATION, DISTRIBUTION, ETC. (IMPRINT)
-- القاهرة :
-- "حسن أبو شادى للأبحاث والنشر،"
Holdings
حالة التراجع حالة الفقد حالة تلف ليس للاعارة المكان المؤقت الموقع الحالى موقع الترفيف تاريخ الاكتساب اجمالي اﻻعارات تاريخ اخر مشاهدة تاريخ تفعيل السعر نوع وعاء كوها
        مكتبة القاهرة الكبرى مكتبة القاهرة الكبرى قاعة الفنون_ك عربى 06/22/2025   06/22/2025 06/22/2025 كتاب

Powered By

EGPV